<?xml version='1.0' encoding='UTF-8'?>
  <record xmlns="http://www.loc.gov/MARC21/slim">
    <leader>00000cam a2200000Mi 4500</leader>
    <controlfield tag="001">ocm65488456</controlfield>
    <controlfield tag="003">OCoLC</controlfield>
    <controlfield tag="005">20240127100239.6</controlfield>
    <controlfield tag="008">900711s1609    ne            000 0 dut d</controlfield>
    <datafield tag="040" ind1=" " ind2=" ">
      <subfield code="a">NLGGC</subfield>
      <subfield code="b">dut</subfield>
      <subfield code="e">fobidrtb</subfield>
      <subfield code="c">NLGGC</subfield>
      <subfield code="d">OCLCQ</subfield>
      <subfield code="d">S3O</subfield>
      <subfield code="d">QGJ</subfield>
      <subfield code="d">OCLCA</subfield>
      <subfield code="d">QGJ</subfield>
      <subfield code="d">OCLCO</subfield>
      <subfield code="d">OCLCL</subfield>
    </datafield>
    <datafield tag="026" ind1=" " ind2=" ">
      <subfield code="e">160904 - a1 (&lt;...&gt;) ren$ : *a2 2&lt;...&gt;3 ijne$voo - b1 A $ : b2 L3 ijnt$o</subfield>
      <subfield code="2">stcnf</subfield>
    </datafield>
    <datafield tag="029" ind1="0" ind2=" ">
      <subfield code="a">NLGGC</subfield>
      <subfield code="b">064074862</subfield>
    </datafield>
    <datafield tag="035" ind1=" " ind2=" ">
      <subfield code="a">(OCoLC)65488456</subfield>
    </datafield>
    <datafield tag="041" ind1="1" ind2=" ">
      <subfield code="a">dut</subfield>
      <subfield code="h">lat</subfield>
    </datafield>
    <datafield tag="100" ind1="1" ind2=" ">
      <subfield code="a">Junius, Hadrianus,</subfield>
      <subfield code="d">1511-1575.</subfield>
      <subfield code="1">https://id.oclc.org/worldcat/entity/E39PBJxGVxx9HmTQvrjpXPKrv3</subfield>
    </datafield>
    <datafield tag="245" ind1="1" ind2="4">
      <subfield code="a">Een seer cort doch clare beschrijvinge vande voornaemste ghemuyrde ende ongemuyrde steden ende vlecken van Holland ende VVest-Vriesland /</subfield>
      <subfield code="c">in't Latijn beschreven door ... Adrianum Iunium Hornanum ende verduytscht door Godefroy Boot.</subfield>
    </datafield>
    <datafield tag="260" ind1=" " ind2=" ">
      <subfield code="a">Tot Delf :</subfield>
      <subfield code="b">Ghedruckt by Ian Andriesz. ...,</subfield>
      <subfield code="c">1609.</subfield>
    </datafield>
    <datafield tag="300" ind1=" " ind2=" ">
      <subfield code="a">[10], 43 fol. ;</subfield>
      <subfield code="c">20 cm (4-o)</subfield>
    </datafield>
    <datafield tag="500" ind1=" " ind2=" ">
      <subfield code="a">Impressum: Tot Delf. Ghedruckt by Jan Andriesz. Boeck-vercooper aen't Marckt-veldt in't Vergulden A. B. C. Anno 1609.</subfield>
    </datafield>
    <datafield tag="500" ind1=" " ind2=" ">
      <subfield code="a">Collatieformule: &lt;...&gt;-2&lt;...&gt;4 3&lt;...&gt;2 A-L4 (L4 blanco).</subfield>
    </datafield>
    <datafield tag="510" ind1="4" ind2=" ">
      <subfield code="a">Tiele, Ned. bibl. van land- en volkenkunde,</subfield>
      <subfield code="c">574</subfield>
    </datafield>
    <datafield tag="651" ind1=" " ind2="7">
      <subfield code="a">Nederländerna</subfield>
      <subfield code="x">reseskildringar</subfield>
      <subfield code="v">verk före 1800.</subfield>
      <subfield code="2">sao</subfield>
    </datafield>
    <datafield tag="700" ind1="1" ind2=" ">
      <subfield code="a">Boot, Godefroy,</subfield>
      <subfield code="d">ca. 1570-1625.</subfield>
      <subfield code="1">https://id.oclc.org/worldcat/entity/E39PCjtTKqVTMqvbRW3t738w83</subfield>
    </datafield>
    <datafield tag="710" ind1="0" ind2=" ">
      <subfield code="a">Cloeting, Jan Andriesz (Delft)</subfield>
      <subfield code="4">prt</subfield>
    </datafield>
    <datafield tag="758" ind1=" " ind2=" ">
      <subfield code="a">Een seer cort doch clare beschrijvinge vande voornaemste ghemuyrde ende ongemuyrde steden ende vlecken van Holland ende West-Vriesland (Text)</subfield>
      <subfield code="1">https://id.oclc.org/worldcat/entity/E39PCYmDmXv7cR8yw8dcQdDtjy</subfield>
      <subfield code="4">https://id.oclc.org/worldcat/ontology/hasWork</subfield>
    </datafield>
  </record>